Business and administrative communication / (Record no. 347999)

000 -LEADER
fixed length control field 01582 a2200181 4500
020 ## - INTERNATIONAL STANDARD BOOK NUMBER
International Standard Book Number 0072964464 (hardcover)
020 ## - INTERNATIONAL STANDARD BOOK NUMBER
International Standard Book Number 9780072964462 (hardcover)
082 04 - DEWEY DECIMAL CLASSIFICATION NUMBER
Classification number 651.7
090 ## - LOCALLY ASSIGNED LC-TYPE CALL NUMBER (OCLC); LOCAL CALL NUMBER (RLIN)
-- 5595
-- 5595
100 1# - MAIN ENTRY--PERSONAL NAME
Personal name Locker, Kitty O.
245 10 - TITLE STATEMENT
Title Business and administrative communication /
Statement of responsibility, etc. Kitty O. Locker.
250 ## - EDITION STATEMENT
Edition statement 7th ed.
260 ## - PUBLICATION, DISTRIBUTION, ETC.
Place of publication, distribution, etc. [S.l.] :
Name of publisher, distributor, etc. McGraw-Hill/Irwin,
Date of publication, distribution, etc. 2004.
300 ## - PHYSICAL DESCRIPTION
Extent 686 p. ;
Dimensions 29 cm.
520 ## - SUMMARY, ETC.
Summary, etc. This Seventh Edition of Business and Administrative Communication by Kitty Locker is a true leader in the business communications field. Beyond covering the broad scope of topics in both oral and written business communication, Locker’s text uses a student-friendly writing style and strong design element to hold student attention. Real-world examples and real business applications underscore the relevance and importance of the material presented to the classroom experience and to the students’ careers. Kitty Locker’s text also conveys the best possible advice to students through its research base; the author’s reputation as a contributor to this field of study lends an even greater element of teachability and relevance to this market-leading title. Locker continues to lead the pack with innovative technology offerings – the BComm Skill Booster, PowerWeb – round out the learning experience with Business and Administrative Com
856 ## - ELECTRONIC LOCATION AND ACCESS
Materials specified Amazon.com
Uniform Resource Identifier <a href="http://www.amazon.com/exec/obidos/ASIN/0072964464/chop">http://www.amazon.com/exec/obidos/ASIN/0072964464/chop</a>
942 ## - ADDED ENTRY ELEMENTS (KOHA)
Institution code [OBSOLETE] NBS
Koha item type Book
Call number prefix 651.7 LOC
Holdings
Withdrawn status Lost status Damaged status Not for loan Permanent Location Current Location Date acquired Total Checkouts Total Renewals Full call number Barcode Date last seen Date last checked out Price effective from Koha item type
        Central Library (CL) Central Library (CL) 08/28/2013 5 2 651.7 LOC NBS7475 01/03/2020 09/18/2019 08/28/2013 Book
© 2023 Central Library, National University of Sciences and Technology. All Rights Reserved.